Orígenes del movimiento obrero /

Para los dirigentes de la república oligárquica, abocados a los preparativos de los festejos del Centenario, la presencia conflictiva del movimiento obrero era un recordatorio de las deudas pendientes con amplios sectores de la población.

Guardado en:
Autor Principal: Mignona, Sebastián
Autores Corporativos: Canal Encuentro., El Perro en la Luna.
Otros Autores: Palomino, Juan; Voz en off.
Formato: Deslizar
Publicado: Argentina : Canal Encuentro, 2008.
Series:Historia de un País, Argentina Siglo XX
Materias:
Acceso en línea:https://www.educ.ar/recursos/50007/origenes-del-movimiento-obrero-primera-parte
Etiquetas: Agregar Etiqueta
Sin Etiquetas, Sea el primero en etiquetar este registro!
LEADER 01638ngm a22003735g 4500
001 CEM.cems023038
008 130507s2008##################0###0#####d
005 20241204170257.0
245 1 0 |a Orígenes del movimiento obrero /  |c Sebastián Mignona. 
260 |a Argentina :  |b Canal Encuentro,  |c 2008. 
300 |a 29'. 
490 0 |a Historia de un País, Argentina Siglo XX 
500 |a Consultar en ventanilla. 
505 0 |a El surgimiento de las primeras organizaciones obreras a principios de siglo. La influencia de los inmigrantes. Los conflictos durante el Centenario y la represión de las huelgas. Ley de residencia. 
520 |a Para los dirigentes de la república oligárquica, abocados a los preparativos de los festejos del Centenario, la presencia conflictiva del movimiento obrero era un recordatorio de las deudas pendientes con amplios sectores de la población. 
538 |a Soporte: DVD - Color: Si - Grabación DRD 
590 |a Identificación SIABUC: DVD Nº 48A 
100 1 |a Mignona, Sebastián 
700 1 |a Palomino, Juan; Voz en off. 
710 2 |a Canal Encuentro. 
710 2 |a El Perro en la Luna. 
082 9 8 |/ MIG-1 
082 9 8 |/ HIS-1 
653 |a HISTORIA 
653 |a HISTORIA ARGENTINA 
653 |a HISTORIA DE UN PAIS 
653 |a ARGENTINA 
653 |a SINDICALISMO 
653 |a SINDICATOS 
653 |a MOVIMIENTO OBRERO 
653 |a HISTORIA ARGENTINA CONTEMPORANEA 
653 |a NIVEL SECUNDARIO 
856 |u https://www.educ.ar/recursos/50007/origenes-del-movimiento-obrero-primera-parte 
859 |a CEMS  |b BIB. CEMS - Depto. Recursos Didacticos  |h 982  |i MIG-1  |k DRD  |p 1681.12  |t Ej.1